<?xml version="1.0" encoding="UTF-8"?>
<record
    xmlns:xsi="http://www.w3.org/2001/XMLSchema-instance"
    xsi:schemaLocation="http://www.loc.gov/MARC21/slim http://www.loc.gov/standards/marcxml/schema/MARC21slim.xsd"
    xmlns="http://www.loc.gov/MARC21/slim">

  <leader>00506nam a22001577a 4500</leader>
  <datafield tag="999" ind1=" " ind2=" ">
    <subfield code="c">115018</subfield>
    <subfield code="d">115018</subfield>
  </datafield>
  <controlfield tag="005">20191210104426.0</controlfield>
  <controlfield tag="008">191210b           ||||| |||| 00| 0 eng d</controlfield>
  <datafield tag="040" ind1=" " ind2=" ">
    <subfield code="c">PK-LaUMT</subfield>
  </datafield>
  <datafield tag="082" ind1=" " ind2=" ">
    <subfield code="a">291</subfield>
    <subfield code="b">LIA-M</subfield>
  </datafield>
  <datafield tag="100" ind1=" " ind2=" ">
    <subfield code="a">Liaquat Ali Zia = &#x644;&#x6CC;&#x627;&#x642;&#x62A; &#x639;&#x644;&#x6CC; &#x636;&#x6CC;&#x627;</subfield>
  </datafield>
  <datafield tag="245" ind1=" " ind2=" ">
    <subfield code="a">Mazahab alam aur aman= peace and faith = &#x645;&#x632;&#x627;&#x6C1;&#x628; &#x639;&#x627;&#x644;&#x645; &#x627;&#x648;&#x631; &#x627;&#x645;&#x646;/</subfield>
    <subfield code="c">by Liaquat Ali Zia = &#x644;&#x6CC;&#x627;&#x642;&#x62A; &#x639;&#x644;&#x6CC; &#x636;&#x6CC;&#x627;</subfield>
  </datafield>
  <datafield tag="260" ind1=" " ind2=" ">
    <subfield code="a">Lahore :</subfield>
    <subfield code="b">Readers Publications,</subfield>
    <subfield code="c">2017</subfield>
  </datafield>
  <datafield tag="300" ind1=" " ind2=" ">
    <subfield code="a">256 p.</subfield>
  </datafield>
  <datafield tag="546" ind1=" " ind2=" ">
    <subfield code="a">Urdu</subfield>
  </datafield>
  <datafield tag="942" ind1=" " ind2=" ">
    <subfield code="c">BK</subfield>
  </datafield>
  <datafield tag="952" ind1=" " ind2=" ">
    <subfield code="0">0</subfield>
    <subfield code="1">0</subfield>
    <subfield code="4">0</subfield>
    <subfield code="7">0</subfield>
    <subfield code="a">01</subfield>
    <subfield code="b">01</subfield>
    <subfield code="d">2019-12-10</subfield>
    <subfield code="l">2</subfield>
    <subfield code="o">291 LIA-M</subfield>
    <subfield code="p">131252</subfield>
    <subfield code="r">2024-01-30 00:00:00</subfield>
    <subfield code="s">2024-01-29</subfield>
    <subfield code="w">2019-12-10</subfield>
    <subfield code="y">BK</subfield>
  </datafield>
</record>
